| 000 -LEADER |
| fixed length control field |
00421cam a22001457a 4500 |
| 008 - FIXED-LENGTH DATA ELEMENTS--GENERAL INFORMATION |
| fixed length control field |
180718b1969 xxu||||| |||| 00| 0 eng d |
| 020 ## - INTERNATIONAL STANDARD BOOK NUMBER |
| International Standard Book Number |
435 82576 3 |
| 082 ## - DEWEY DECIMAL CLASSIFICATION NUMBER |
| Classification number |
N4x42 M364 |
| 100 ## - MAIN ENTRY--PERSONAL NAME |
| Personal name |
Martin, J.P. |
| 245 ## - TITLE STATEMENT |
| Title |
Police: a study in manpower |
| Statement of responsibility, etc. |
by J.P. Martin |
| 260 ## - PUBLICATION, DISTRIBUTION, ETC. |
| Place of publication, distribution, etc. |
London |
| Name of publisher, distributor, etc. |
Heinemenn |
| Date of publication, distribution, etc. |
1969 |
| 300 ## - PHYSICAL DESCRIPTION |
| Extent |
xi, 296p |
| 440 ## - SERIES STATEMENT/ADDED ENTRY--TITLE |
| Title |
Cambridge studies in criminology; XXIV |
| 650 ## - SUBJECT ADDED ENTRY--TOPICAL TERM |
| Topical term or geographic name entry element |
Police -Great Britain -History. |